Numerical Recipes in Pascal The Art of Scientific Computing

Gespeichert in:
Bibliographische Detailangaben
Format: Buch
Sprache:Englisch
Veröffentlicht: Cambridge : Cambridge University Press, 1994
Ausgabe:2. Edition
Schlagworte:
Tags: Tag hinzufügen
Keine Tags, Fügen Sie das erste Tag hinzu!

MARC

LEADER 00000nam a22000003a 4500
001 stu32904
005 20180323143138.6
008 961108s1994----uk------------------eng-d
020 |a 0-521-37516-9 
040 |a STU  |b slo 
041 0 |a eng 
044 |a uk 
080 |a 519.6 
245 |a Numerical Recipes in Pascal  |b The Art of Scientific Computing 
250 |a 2. Edition 
260 |a Cambridge :  |b Cambridge University Press,  |c 1994 
300 |a 759 s 
650 0 7 |a Pascal - programovanie objektovo orientované 
996 |b J92636  |c J*92636  |l JJK5  |s P  |a 0  |w stu32904_0001 
996 |b J92637  |c J*92637  |l JJK5  |s P  |a 0  |w stu32904_0002 
996 |c I*16TJ12416  |l I  |s A  |a 24  |w stu32904_0003